000 00698nam a22001817a 4500
003 BD-DhUL
005 20160906130018.0
008 160823s1975 bg |||| |||| 000 0 ben d
040 _cBD-DhUL
_dBD-DhUL
082 _a954.03
_bSIB
100 1 _aসিদ্দিকী, এ. এস.
245 1 0 _aভুলে যাওয়া ইতিহাস (১৭৫৭-১৯৪৭) /
_cএ. এস. সিদ্দিকী ।
260 _aচট্টগ্রাম :
_bএস.এ. সিদ্দিকী,
_c১৯৭৫ ।
300 _a[১৩], ১৫২ পৃ. ;
_c২১ সেমি. ।
651 0 _aভারত
_xইতিহাস
651 0 _aIndia
_xHistory
942 _2ddc
_cBK
999 _c104245
_d104245